[Event "Terre degli Elimi op 5th"]
[Site "Erice"]
[Date "2014.07.22"]
[Round "5"]
[White "Amato, Andrea"]
[Black "Blom, Martijn"]
[Result "1-0"]
[WhiteElo "2350"]
[BlackElo "2020"]
[PlyCount "105"]
[EventDate "2014.07.19"]
[EventType "swiss"]
[EventRounds "9"]
[EventCountry "ITA"]
[SourceTitle "CBM 161 Extra"]
[Source "ChessBase"]
[SourceDate "2014.08.29"]
[SourceVersion "1"]
[SourceVersionDate "2014.08.29"]
[SourceQuality "1"]

1. Nf3 e6 2. e4 d5 3. Nc3 Nf6 4. e5 Nfd7 5. d4 c5 6. dxc5 Bxc5 7. Bd3 Nc6 8. Bf4 f6 9. exf6 Nxf6 10. Qe2 0-0 11. 0-0-0 Nb4 12. Kb1 Nxd3 13. Rxd3 Nh5 14. Bg3 Nf4 15. Bxf4 Rxf4 16. Ne4 Be7 17. Ng3 Bf6 18. Nh5 Re4 19. Qxe4 dxe4 20. Rxd8+ Bxd8 21. Rd1 Bb6 22. Ne5 Bc7 23. Ng4 e5 24. Ne3 Be6 25. Ng3 Rf8 26. Nxe4 Bb6 27. Re1 Bd7 28. f3 Be6 29. Ng5 Re8 30. Nxe6 Rxe6 31. Nc4 Bc7 32. h3 Kf7 33. c3 Kf6 34. Re4 Re8 35. Kc2 Rd8 36. Ne3 Rd7 37. c4 b6 38. Kc3 Bd6 39. b4 Ke6 40. f4 a5 41. a3 axb4+ 42. axb4 Ra7 43. Kb3 h5 44. fxe5 Bxe5 45. Nc2 Kf5 46. Re2 Rd7 47. Ka4 Bf4 48. Kb5 Rd6 49. Ne3+ Bxe3 50. Rxe3 Kf4 51. Rf3+ Ke4 52. Rg3 g6 53. c5 1-0

[Event "Terre degli Elimi op 5th"]
[Site "Erice"]
[Date "2014.07.21"]
[Round "3"]
[White "Amato, Andrea"]
[Black "Bifulco, Michel"]
[Result "1-0"]
[WhiteElo "2350"]
[BlackElo "2084"]
[PlyCount "95"]
[EventDate "2014.07.19"]
[EventType "swiss"]
[EventRounds "9"]
[EventCountry "ITA"]
[SourceTitle "CBM 161 Extra"]
[Source "ChessBase"]
[SourceDate "2014.08.29"]
[SourceVersion "1"]
[SourceVersionDate "2014.08.29"]
[SourceQuality "1"]

1. Nf3 g6 2. e4 Bg7 3. d4 c6 4. Nc3 d5 5. Bf4 Bg4 6. h3 Bxf3 7. Qxf3 dxe4 8. Nxe4 Nf6 9. Nxf6+ Bxf6 10. 0-0-0 Qd5 11. Qg3 Nd7 12. c4 Qa5 13. Kb1 0-0 14. Be2 c5 15. Bc7 Nb6 16. d5 Qb4 17. Be5 Nxc4 18. Bxc4 Qxc4 19. Rhe1 Qh4 20. Qf3 Bxe5 21. Rxe5 b6 22. g3 Qf6 23. Qe3 Rfe8 24. d6 e6 25. g4 Rad8 26. g5 Qg7 27. Qe4 Rd7 28. Red5 Red8 29. R5d3 h5 30. f4 Qf8 31. Qe5 Qg7 32. Kc2 Qxe5 33. fxe5 Kf8 34. a4 a5 35. Kc3 Ke8 36. Kc4 Rb7 37. Kb5 Kd7 38. Rf1 Kc8 39. Kc6 c4 40. Rdf3 Rdd7 41. Rc1 Kb8 42. Rxc4 b5 43. axb5 Rd8 44. b6 Rc8+ 45. Kb5 Rxc4 46. Kxc4 Rxb6 47. Rxf7 Rxb2 48. Rf8+ 1-0

[Event "ITA-chT 46th"]
[Site "Condino"]
[Date "2014.04.30"]
[Round "1.2"]
[White "Rombaldoni, Axel"]
[Black "Amato, Andrea"]
[Result "1-0"]
[WhiteElo "2513"]
[BlackElo "2345"]
[PlyCount "75"]
[EventDate "2014.04.30"]
[EventType "team-swiss"]
[EventRounds "7"]
[EventCountry "ITA"]
[SourceTitle "CBM 160 Extra"]
[Source "ChessBase"]
[SourceDate "2014.07.01"]
[SourceVersion "1"]
[SourceVersionDate "2014.07.01"]
[SourceQuality "1"]
[WhiteTeam "WorldtradingLab"]
[BlackTeam "Banca Nuova"]
[WhiteTeamCountry "ITA"]
[BlackTeamCountry "ITA"]

1. e4 d6 2. d4 Nf6 3. Nc3 e5 4. Nf3 Nbd7 5. Bc4 Be7 6. 0-0 0-0 7. a4 c6 8. Ba2 b6 9. Qe2 a6 10. Rd1 Qc7 11. h3 Rb8 12. d5 c5 13. Bc4 Ra8 14. Nh2 g6 15. Bh6 Re8 16. Qd2 Bf8 17. Bg5 Nh5 18. Be2 Ng7 19. Ng4 Be7 20. Nh6+ Kf8 21. Be3 f5 22. f4 Bf6 23. exf5 Nxf5 24. Nxf5 gxf5 25. Bh5 Re7 26. fxe5 Nxe5 27. Rf1 Kg8 28. Bh6 Nf7 29. Bxf7+ Rxf7 30. Rae1 Bd7 31. Qe2 Re7 32. Qxe7 Bxe7 33. Rxe7 c4 34. Kh2 Qd8 35. Rfe1 f4 36. Rg7+ Kh8 37. Rg5 Qf6 38. Bg7+ 1-0

[Event "Terre degli Elimi op 4th"]
[Site "Erice"]
[Date "2013.07.27"]
[Round "5"]
[White "Amato, Andrea"]
[Black "Georgiev, Vladimir"]
[Result "1-0"]
[WhiteElo "2291"]
[BlackElo "2544"]
[PlyCount "99"]
[EventDate "2013.07.24"]
[EventType "swiss"]
[EventRounds "7"]
[EventCountry "ITA"]
[SourceTitle "EXT 2015"]
[Source "ChessBase"]
[SourceDate "2014.11.20"]
[SourceVersion "1"]
[SourceVersionDate "2014.11.20"]
[SourceQuality "1"]

1. Nf3 d5 2. c4 d4 3. b4 f6 4. Bb2 e5 5. c5 b6 6. e3 bxc5 7. bxc5 Bxc5 8. Nxd4 Bxd4 9. exd4 exd4 10. Qf3 Qe7+ 11. Kd1 Bd7 12. Bc4 Qb4 13. Qxa8 Qxb2 14. Bb3 Kd8 15. Qxb8+ Bc8 16. Re1 Ne7 17. Qb5 Bd7 18. Qc5 Nc8 19. d3 Qxa1 20. Kc2 a6 21. Re4 Nd6 22. Qxd4 Qxd4 23. Rxd4 h5 24. Nc3 h4 25. Ba4 h3 26. g3 Rh5 27. Kd2 Rf5 28. Bxd7 Rxf2+ 29. Ke3 Rxh2 30. Bg4 Rc2 31. Ne4 h2 32. Nxd6 cxd6 33. Bf3 Rxa2 34. Rxd6+ Ke7 35. Rd4 a5 36. Re4+ Kd6 37. Rh4 a4 38. Be2 a3 39. Rxh2 Ra1 40. Rh8 f5 41. Ra8 g5 42. Ra6+ Kc5 43. d4+ Kb4 44. d5 Rg1 45. d6 Rxg3+ 46. Kd4 Rh3 47. d7 Rh8 48. Rb6+ Ka4 49. Kc3 Rh3+ 50. Bd3 1-0

[Event "Terre degli Elimi op 4th"]
[Site "Erice"]
[Date "2013.07.27"]
[Round "6"]
[White "Van Assendelft, Floris"]
[Black "Amato, Andrea"]
[Result "1/2-1/2"]
[WhiteElo "2381"]
[BlackElo "2291"]
[PlyCount "27"]
[EventDate "2013.07.24"]
[EventType "swiss"]
[EventRounds "7"]
[EventCountry "ITA"]
[SourceTitle "EXT 2015"]
[Source "ChessBase"]
[SourceDate "2014.11.20"]
[SourceVersion "1"]
[SourceVersionDate "2014.11.20"]
[SourceQuality "1"]

1. e4 d6 2. d4 Nf6 3. Nc3 e5 4. Nf3 Nbd7 5. Bc4 Be7 6. 0-0 0-0 7. Re1 c6 8. a4 a5 9. h3 exd4 10. Nxd4 Nc5 11. Bf4 Qb6 12. Nb3 Qb4 13. Qd4 Ne6 14. Bxe6 1/2-1/2

[Event "ITA-chT 45th "]
[Site "Bratto"]
[Date "2013.04.28"]
[Round "3"]
[White "Amato, Andrea"]
[Black "Dvirnyy, Danyyil"]
[Result "0-1"]
[WhiteElo "2264"]
[BlackElo "2538"]
[PlyCount "92"]
[EventDate "2013.04.27"]
[EventType "team-swiss"]
[EventRounds "7"]
[EventCountry "ITA"]
[SourceTitle "CBM 154 Extra"]
[Source "ChessBase"]
[SourceDate "2013.06.25"]
[SourceVersion "2"]
[SourceVersionDate "2013.06.25"]
[SourceQuality "1"]
[WhiteTeam "CPS Banca Nuova"]
[BlackTeam "Padova Obiettivo"]
[WhiteTeamCountry "ITA"]
[BlackTeamCountry "ITA"]

1. c4 g6 2. g3 Nf6 3. Bg2 d5 4. cxd5 Nxd5 5. Nc3 Nb6 6. Nf3 Bg7 7. 0-0 Nc6 8. d3 0-0 9. Bd2 h6 10. Rc1 e5 11. a3 Re8 12. b4 Nd4 13. a4 Be6 14. a5 Bb3 15. Qe1 Nd7 16. e3 Nf5 17. e4 Nd6 18. Be3 a6 19. Nd2 Be6 20. f4 c6 21. Qf2 Nf6 22. h3 exf4 23. gxf4 Nb5 24. Na4 Qxd3 25. Nc5 Qa3 26. Nxb7 Bxh3 27. Nc4 Qxb4 28. Bxh3 Nxe4 29. Qe1 Qe7 30. Nb6 Qxb7 31. Bd7 Nec3 32. Kh2 Re7 33. f5 Rxd7 34. f6 Re8 35. Rxc3 Nxc3 36. Qxc3 Bf8 37. Bf4 Rd5 38. Rg1 Rh5+ 39. Kg3 c5 40. Rd1 Qe4 41. Qc4 Qxc4 42. Nxc4 Rf5 43. Ne3 Rxf6 44. Ng4 Rfe6 45. Nxh6+ Bxh6 46. Bxh6 f6 0-1

[Event "ITA-chT 45th "]
[Site "Bratto"]
[Date "2013.04.28"]
[Round "2"]
[White "Scalcione, Michelangelo"]
[Black "Amato, Andrea"]
[Result "0-1"]
[WhiteElo "2339"]
[BlackElo "2264"]
[PlyCount "80"]
[EventDate "2013.04.27"]
[EventType "team-swiss"]
[EventRounds "7"]
[EventCountry "ITA"]
[SourceTitle "CBM 154 Extra"]
[Source "ChessBase"]
[SourceDate "2013.06.25"]
[SourceVersion "2"]
[SourceVersionDate "2013.06.25"]
[SourceQuality "1"]
[WhiteTeam "Portlab Club 64"]
[BlackTeam "CPS Banca Nuova"]
[WhiteTeamCountry "ITA"]
[BlackTeamCountry "ITA"]

1. d4 d5 2. Nf3 Nf6 3. c4 dxc4 4. e3 Bg4 5. Bxc4 e6 6. Qb3 Bxf3 7. gxf3 Nbd7 8. Nc3 Nb6 9. Be2 Be7 10. Bd2 0-0 11. 0-0-0 c5 12. dxc5 Bxc5 13. Ne4 Nxe4 14. fxe4 Qh4 15. f4 Rfd8 16. Bd3 Rd7 17. Kb1 Rad8 18. Bc1 Qh3 19. Bb5 Rd6 20. Rxd6 Rxd6 21. Rg1 Rd8 22. Qc2 Bf8 23. Rg3 Qh5 24. Qe2 Qc5 25. Rg5 Qb4 26. Bd3 Na4 27. Qc2 Nc5 28. a3 Qb6 29. Bc4 Qc6 30. e5 Qh1 31. Be2 Ne4 32. Rg4 Rd2 33. Qc4 b5 34. Qxb5 Rd5 35. Qa4 Nd2+ 36. Kc2 Rc5+ 37. Kxd2 Qxc1+ 38. Kd3 Qb1+ 39. Kd2 Rd5+ 40. Kc3 Qe1+ 0-1

[Event "Gibraltar Masters 11th"]
[Site "Caleta"]
[Date "2013.01.22"]
[Round "1"]
[White "Kuenitz, Klaus"]
[Black "Amato, Andrea"]
[Result "0-1"]
[WhiteElo "1643"]
[BlackElo "2259"]
[PlyCount "106"]
[EventDate "2013.01.22"]
[EventType "swiss"]
[EventRounds "10"]
[EventCountry "GGB"]
[SourceTitle "CBM 153"]
[Source "ChessBase"]
[SourceDate "2013.03.14"]
[SourceVersion "1"]
[SourceVersionDate "2013.03.14"]
[SourceQuality "1"]

1. d4 e6 2. c4 Nf6 3. Bg5 Be7 4. e3 0-0 5. Nf3 b6 6. Nc3 Bb7 7. Be2 d5 8. cxd5 exd5 9. Ne5 Nbd7 10. Nxd7 Qxd7 11. 0-0 Ne4 12. Nxe4 dxe4 13. Bxe7 Qxe7 14. Rc1 Rad8 15. Qa4 a6 16. Rc3 Rd5 17. Rfc1 c6 18. Qb3 Qd8 19. Qc2 Re8 20. Bc4 Rh5 21. Qb3 Rf8 22. g3 Kh8 23. Qa3 Rg5 24. Qb3 Rf5 25. Qc2 Re8 26. Bf1 h5 27. h4 g5 28. Bh3 Rd5 29. hxg5 Rxg5 30. Kf1 Qf6 31. Bd7 Reg8 32. Qxe4 Rxg3 33. Qe5 Qxe5 34. dxe5 Rg1+ 35. Ke2 c5 36. Rxg1 Rxg1 37. Rd3 Rb1 38. Rd2 Ra1 39. a3 Kg7 40. Bf5 Bc6 41. Bd7 Bg2 42. f4 h4 43. Kd3 h3 44. Bf5 Rg1 45. Be4 Kh6 46. Bxg2 Rxg2 47. Rd1 h2 48. Rh1 Rxb2 49. Ke4 Kg6 50. f5+ Kg5 51. Rd1 Rg2 52. f6 Rg1 53. Rd8 h1Q+ 0-1